01596cam a22003974i 4500003000900000005001700009008004100026020001500067020001800082035002200100035002100122040005500143041001800198050002300216082001900239100003300258245012500291264004300416300004500459336002100504337002500525338002300550504003200573505033900605526000900944526000900953526000800962526000800970526000800978526000800986650004300994650004001037650003901077650003801116700004401154PE-LiUPU20250731175625.0161006s2016 miu rb 001 0 eng d z0801030722 z9780801030727 a(Sirsi) 959967164 a(OCoLC)959967164 aTEFODbengerdaepncTEFODdOCLCOdRECBKdPE-LiUPU1 aengagrchgrc 4aPA817b.M37 2016eb04a487.4bM282231 aMathewson, David L.,eautor.10aIntermediate Greek grammar :bsyntax for students of the New Testament /cDavid L. Mathewson and Elodie Ballantine Emig. 1aGrand Rapids :bBaker Academic,c2016. axxiii, 307 páginas ;c24 centímetros atext2rdacontent aunmediated2rdamedia avolume2rdacarrier aIndice : páginas 305-307.0 aAbbreviations -- Introduction -- The cases -- Pronouns -- Adjectives and adverbs -- The article -- Prepositions -- The Greek verb system -- The verb: voice, person, and number -- Mood -- Infinitives -- Participles -- Clauses, conditional clauses, and relative clauses -- Dependent clauses and conjunctions -- Discourse considerations. aP145 aP127 aP97 aP35 aP14 aP07 0aLengua griega, BíblicaxGramática. 0aIdioma griego, BíblicoxSintaxis. 0aGreek language, BiblicalxGrammar. 0aGreek language, BiblicalxSyntax.1 aEmig, Elodie Ballantine,d1956-eautor.